A diary in the strict sense of the term /

Extracts from the diaries of the renowned anthropologist, written during stays on New Guinea, Mailu and the Trobriand Islands. Combining private reflections with detached scientific observation, this book is an intimate portrait of aboriginal Pacific cultures and the foreign scientist who studied th...

Full description

Bibliographic Details
Main Author: Malinowski, Bronislaw 1884-1942
Format: Libro
Language:English
Published: California Stanford University Press 1989
Subjects:
Online Access:

MARC

LEADER 00000cam a2200000 a 4500
001 006018
003 UAHC_CL
005 20170803120211.0
008 111202s1989 xxu 000 eng
020 |a 0804717079 
040 |a UAHC_CL  |c UAHC_CL  |d UAHC_CL 
082 0 4 |a 306.0899912  |b M251  |2 21 
100 1 |a Malinowski, Bronislaw  |d 1884-1942 
245 1 2 |a A diary in the strict sense of the term /  |c Bronislaw Malinowski. 
260 |b Stanford University Press  |a California  |c 1989 
300 |a 315 p. 
520 |a Extracts from the diaries of the renowned anthropologist, written during stays on New Guinea, Mailu and the Trobriand Islands. Combining private reflections with detached scientific observation, this book is an intimate portrait of aboriginal Pacific cultures and the foreign scientist who studied them. 
521 |a Métodos y técnicas de trabajo de terreno 
600 1 4 |a Malinowski, Bronislaw  |d 1884-1942  |v Diarios 
650 4 |a ETNOLOGIA  |z PAPUA (NUEVA GUINEA) 
651 4 |a Mailu (Pueblo de Papua, Nueva Guinea) 
653 |a ANTROPOLOGIA 
658 |a Varas, José 
900 |a 306.0899912 MAL 
942 |c BK 
952 |0 0  |1 0  |4 0  |6 306_089991200000000_MAL  |7 0  |8 General  |9 13234  |a BC  |b BC  |c General  |d 2017-08-03  |l 1  |o 306.0899912 MAL  |p 1390041  |r 2026-01-13 00:00:00  |s 2023-08-09  |t 1  |w 2017-08-03  |y BK 
999 |c 6018  |d 6018